Zambia at 46: annual business magazine (Record no. 83376)

MARC details
000 -LEADER
fixed length control field 00720nam a2200157 a 4500
008 - FIXED-LENGTH DATA ELEMENTS--GENERAL INFORMATION
fixed length control field 110824s2010 ||||||||||||||||| || u
050 ## - LIBRARY OF CONGRESS CALL NUMBER
Classification number HC 915 Zam
100 ## - MAIN ENTRY--PERSONAL NAME
Personal name Riaz, Harun
245 10 - TITLE STATEMENT
Title Zambia at 46: annual business magazine
Statement of responsibility, etc. edited by Nondo, Bwalya Lyapa
250 ## - EDITION STATEMENT
Edition statement 9th ed.
260 ## - PUBLICATION, DISTRIBUTION, ETC.
Place of publication, distribution, etc. New Delhi
Name of publisher, distributor, etc. Zambian High Commission
Date of publication, distribution, etc. 2010
350 ## -
-- 0.00
650 ## - SUBJECT ADDED ENTRY--TOPICAL TERM
Topical term or geographic name entry element ZAMBIA--ECONOMIC CONDITIONS
995 ## -
-- SPECIAL COLLECTIONS
-- 0.00
-- 03008189
-- CBU-MAIN LIBRARY (Kitwe)
-- 1
-- 0.00
-- ZAM HC 915 ZAM
-- 4
-- AVAILABLE
-- Aug 24, 2011
-- 03008189
-- Zambiana Collection
995 ## -
-- SPECIAL COLLECTIONS
-- 0.00
-- 03008187
-- CBU-MAIN LIBRARY (Kitwe)
-- 1
-- 0.00
-- ZAM HC 915 ZAM
-- 2
-- AVAILABLE
-- Aug 24, 2011
-- 03008187
-- Zambiana Collection
999 ## -
-- 83376
-- 83376
Holdings
Withdrawn status Lost status Source of classification or shelving scheme Damaged status Not for loan Permanent Location Current Location Shelving location Date acquired Total Checkouts Full call number Barcode Date last seen Copy number Price effective from Koha item type
          CBU-MAIN LIBRARY, KITWE. CBU-MAIN LIBRARY, KITWE.   10/30/2023   HC 915 Zam 03008189 10/30/2023 1 10/30/2023 SPECIAL COLLECTION
          CBU-MAIN LIBRARY, KITWE. CBU-MAIN LIBRARY, KITWE.   10/30/2023   HC 915 Zam 03008187 10/30/2023 2 10/30/2023 SPECIAL COLLECTION